00467nam a2200193Ia 4500008004100000020001800041050001400059100001800073245001400091245001800105260001500123260001600138260000900154300001500163300002700178300001000205440005000215500000800265170918s9999 xx 000 0 und d a9780516272856 bV458 2001 aVenezia, Mike aRaphael / cMike Venezia. aNew York : bScholastic, c2001 a32 pages : bcolored illustration ; c24cm. aGetting to know the world's greatest artists. a940